000 00334nam a2200121Ia 4500
008 220217s9999||||xx |||||||||||||| ||und||
082 _a004.165 DAS
100 _aDas, Lyla, B
_97613
245 0 _aX86 microprocessors
260 _aPearson education
_bNew Delhi
_c2010
300 _aXIX,643p.;28cm
_b375
650 _aMICROPROCESSOR
999 _c181312
_d181312